| 000 | 00958nam a22002177a 4500 | ||
|---|---|---|---|
| 999 |
_c2650 _d2650 |
||
| 003 | AR-CdUCM | ||
| 008 | 190305b ||||| |||| 00| 0 spad | ||
| 040 |
_aMUNICIPALIDAD PROVINCIAL DEL CUSCO _cBIBLIOTECA MUNICIPAL DEL CUSCO |
||
| 082 |
_a343.9 / _bB91 |
||
| 100 |
_aBulnes Samame, Ismael _99316 |
||
| 245 | _aLegislación municipal / | ||
| 260 |
_aLima : _bGráfica Labor, _c1967. |
||
| 300 |
_a679 páginas ; _c21 cm. |
||
| 505 | _aContenido: Constitución política de la república peruana -- Poder ejecutivo -- Administración departamental y municipal -- Leyes que la modifican -- Ley de elecciones municipales -- Ley complementaria de elecciones municipales -- Ley organica de municipales -- Reglamento interior del consejo provincial de Lima ... | ||
| 650 |
_aLey de municipales _99317 |
||
| 650 |
_aLegislación municipal-Perú _99318 |
||
| 650 |
_aDerecho municipal _99319 |
||
| 650 |
_aMunicipios _98192 |
||
| 942 |
_2ddc _cLIBROS |
||
| 945 | _azta | ||